Catálogo

Lecciones de psiquiatría / (Registro nro. 70454)

Detalles MARC
000 -LEADER
fixed length control field 01397nam a2200337 i 4500
001 - CONTROL NUMBER
control field 70454
003 - CONTROL NUMBER IDENTIFIER
control field Mx-PuUPA
005 - DATE AND TIME OF LATEST TRANSACTION
control field 20230809145642.0
008 - FIXED-LENGTH DATA ELEMENTS--GENERAL INFORMATION
fixed length control field 230809s2023 sp ad||fr|||| 00| 0 spa d
017 ## - COPYRIGHT OR LEGAL DEPOSIT NUMBER
Copyright or legal deposit number M-17889-2022
020 ## - INTERNATIONAL STANDARD BOOK NUMBER
International Standard Book Number 9788491104957
Qualifying information versión impresa + digital
040 ## - CATALOGING SOURCE
Original cataloging agency Mx-PuUPA
Language of cataloging spa
Transcribing agency Mx-PuUPA
Modifying agency Mx-PuUPA
Description conventions rda
041 0# - LANGUAGE CODE
Language code of text/sound track or separate title spa
245 00 - TITLE STATEMENT
Title Lecciones de psiquiatría /
Statement of responsibility, etc. Felipe Ortuño Sánchez-Pedreño ; comité editorial, Jorge Pla Vidal [y otros cuatro] ; coordinadora, Raquel Martín Lanas
250 ## - EDITION STATEMENT
Edition statement 2a. edición
264 #1 - PRODUCTION, PUBLICATION, DISTRIBUTION, MANUFACTURE, AND COPYRIGHT NOTICE
Place of production, publication, distribution, manufacture Madrid, España :
Name of producer, publisher, distributor, manufacturer Editorial Médica Panamericana,
Date of production, publication, distribution, manufacture, or copyright notice ©2023
300 ## - PHYSICAL DESCRIPTION
Extent xxi, páginas :
Other physical details ilustraciones, gráficas, tablas ;
Dimensions 24 cm
336 ## - CONTENT TYPE
Fuente rdacontent
Content type term texto
Content type code txt
337 ## - MEDIA TYPE
Source rdamedia
Media type term sin medio
Media type code n
338 ## - CARRIER TYPE
Source rdacarrier
Carrier type term volumen
Carrier type code nc
505 0# - FORMATTED CONTENTS NOTE
Formatted contents note "Incluye versión digital con material complementario". --Cubierta
650 #7 - SUBJECT ADDED ENTRY--TOPICAL TERM
Source of heading or term armarc
Topical term or geographic name entry element Psiquiatría
General subdivision Tratados, manuales, etc
650 #7 - SUBJECT ADDED ENTRY--TOPICAL TERM
Source of heading or term armarc
Topical term or geographic name entry element Psiquiatría
General subdivision Estudios y conferencias
700 1# - ADDED ENTRY--PERSONAL NAME
Personal name Ortuño Sánchez-Pedreño, Felipe,
9 (RLIN) 14583
Relator term director
700 1# - ADDED ENTRY--PERSONAL NAME
Personal name Pla Vidal, Jorge,
Relator term editor
700 1# - ADDED ENTRY--PERSONAL NAME
Personal name Martín Lanas, Raquel,
Relator term coordinadora
942 ## - ADDED ENTRY ELEMENTS (KOHA)
Source of classification or shelving scheme Dewey Decimal Classification
Koha item type Libro
Classification part 616.89
Item part L455
Existencias
Withdrawn status Lost status Source of classification or shelving scheme Damaged status Not for loan Collection code Home library Current library Shelving location Date acquired Source of acquisition Cost, normal purchase price Total Checkouts Full call number Barcode Date last seen Cost, replacement price Price effective from Koha item type
    Dewey Decimal Classification     General Biblioteca Karol Wojtyla Biblioteca Karol Wojtyla Sala general 17/07/2023 14 1585.00   616.89 L455 2023 103958 05/01/2026 1585.00 17/07/2023 Reserva permanente